00942nam a2200289 a 450000100060000000300080000600500170001400800410003102000180007203500190009004000220010904100080013108200260013910000280016524501230019325000190031626400450033526400110038030000410039133600210043233700250045333800230047850400510050165000350055270000310058770000340061882103BD-RjUL20231012151608.0231012t20152015enkab 001 0 eng d a9780198748618 a(BD-RjUL)82103 aBARbengcBD-RjUL aeng 223a910.285bBUP 20151 aBurrough, P. A.eauthor10aPrinciples of geographical information systems /cPeter A. Burrough, , Dr. Rachael McDonnell and Christopher D. Lloyd aThird edition. 1aOxford :bOxford University Press,c2015 4c©2015 a285 pages :billustrations ;c27 cm. atext2rdacontent aunmediated2rdamedia avolume2rdacarrier aIncludes bibliographical references and index. 4aGeographic information systems1 aMcDonnell, Rachaeleauthor1 aLloyd, Christopher D.eauthor